000 00236nam a2200097Ia 4500
008 230915s9999 xx 000 0 und d
050 _aT 33 .J64 2008
100 _aJENSEN CECIL
245 0 _aENGINEERING DRAWING AND DESIGN
942 _cBK
999 _c202289
_d202289